Statistics for Countries that Start with D - Picture Quiz

Click here to take the quiz!

General Stats

  • This quiz has been taken 59 times
  • The average score is 4 of 5

Answer Stats

Answer % Correct
Denmark
98%
Dominican Republic
92%
Dominica
92%
Djibouti
83%
D. R. of the Congo
71%

Score Distribution

Percentile by Number Answered

Percent of People with Each Score

Your Score History

You have not taken this quiz